Biblia. Príbeh vykúpenia komiksové spracovanie

Podrobná bibliografia
Hlavný autor: Cook, David C. (Autor)
Ďalší autori: Cariello, Sergio, 1964- (Ilustrátor), Kováčik, Jozef (Prekladateľ)
Médium: Kniha
Jazyk:slovenčina
angličtina
Fyzický popis:820 strán farebné ilustrácie 26 cm
Vydavateľské údaje: Bratislava TV LUX s.r.o. 2024
ISBN:9788069022164
Vydanie:Prvé vydanie
Predmet:

MARC

LEADER 00000nam a2200000 4500
001 vtls012262660
003 SK-MaSNL
005 20260331212738.0
008 240822s2024 xo a g 6 000 0 slo
015 |a SNBA2024/09 
020 |a 9788069022164  |q (viazané) 
040 |a SNK  |b slo  |c SNK  |e rda 
041 1 |a slo  |h eng 
044 |a xo  |c SK 
072 7 |a 2-23/-27  |x Biblia. Biblistika  |2 konspekt 
072 7 |a 0/9-053.2  |x Literatúra pre deti a mládež (náučná)  |2 konspekt 
080 |a 27-242-27  |2 2011 
080 |a 26-236.5  |2 2011 
080 |a 26-236  |2 2011 
080 |a 741.52(0:82-322.2)  |2 2011 
080 |a (0.053.6)  |2 2011 
100 1 |a Cariello, Sergio,  |d 1964-  |4 ill  |9 244107 
240 1 4 |a The Action Bible expanded edition  |l Slovensky 
245 1 0 |a Biblia. Príbeh vykúpenia  |b komiksové spracovanie  |c ilustroval Sergio Cariello ; text David C Cook ; z anglického originálu The Action Bible expanded edition preložil Jozef Kováčik 
246 3 0 |a Príbeh vykúpenia 
250 |a Prvé vydanie 
264 1 |a Bratislava  |b TV LUX s.r.o.  |c 2024 
300 |a 820 strán  |b farebné ilustrácie  |c 26 cm 
336 |a text  |b txt  |2 rdacontent 
336 |a statický obraz  |b sti  |2 rdacontent 
337 |a bez média  |b n  |2 rdamedia 
338 |a zväzok  |b nc  |2 rdacarrier 
500 |a Pevná väzba 
630 0 7 |a Biblia  |p Starý zákon  |2 SNKPH  |9 185646 
630 0 7 |a Biblia  |p Nový zákon  |2 SNKPH 
650 0 7 |a biblické postavy  |2 SNKPH  |9 4145 
650 0 7 |a biblické udalosti  |2 SNKPH  |9 4157 
650 0 7 |a biblické parafrázy  |2 SNKPH  |9 74940 
650 0 7 |a Bible persons  |2 SNKPHeng  |9 276269 
650 0 7 |a Biblical events  |2 SNKPHeng  |9 294650 
650 0 7 |a Biblical paraphrases  |2 SNKPHeng  |9 327285 
655 7 |a biblické komiksy  |2 SNKPH  |9 372628 
655 7 |a publikácie pre mládež  |2 SNKPH  |9 70434 
655 7 |a Biblical comics  |2 SNKPHeng  |9 372629 
655 7 |a Juvenile literature  |2 SNKPHeng  |9 278419 
700 1 |a Kováčik, Jozef  |4 trl  |9 5415 
700 1 |a Cook, David C.  |4 aut  |9 372630 
852 |a Slovenská národná knižnica 
919 |a 978-80-69022-16-4 
954 |a ilustrované knihy, leporelá, komiksy cudzojazyčné (svetové)  |2 lita 
958 |a NT 
968 |b ENG 
999 |c 616263  |d 618193 
952 |a SNK  |b SNK  |y PREZ  |7 0  |p 17A1551851  |o snkSC 207625  |i snk2024/13380  |8 0  |0 0  |1 0  |4 0  |d 2024-08-22  |l 0  |r 2025-10-31 00:00:00  |w 2026-02-23 
952 |a SNK  |b SNK  |y VYP  |7 0  |p 17A1551852  |o snkSC 207625 D1  |i snk2024/13381  |8 0  |0 0  |1 0  |4 0  |d 2024-08-22  |l 0  |r 2026-02-23 16:38:44  |w 2026-02-23